000 00462nam a22001457a 4500
999 _c504282
_d504282
005 20180809134424.0
008 180809b ||||| |||| 00| 0 eng d
040 _c
082 _aT19065x5433 E
100 _aPunjab. The Economic Adviser to Government
_9233
245 _aReport on economic census, Punjab
_bby The Economic Adviser to Government
260 _aChandigarh
_bThe author
500 _aLibrary has 1977, 1980 (provisional), 1980
942 _2ddc
_cGG